<?xml version="1.0" encoding="UTF-8"?>
<record
    xmlns:xsi="http://www.w3.org/2001/XMLSchema-instance"
    xsi:schemaLocation="http://www.loc.gov/MARC21/slim http://www.loc.gov/standards/marcxml/schema/MARC21slim.xsd"
    xmlns="http://www.loc.gov/MARC21/slim">

  <leader>02056cam a2200133   4500500</leader>
  <controlfield tag="005">20260517002218.0</controlfield>
  <datafield tag="041" ind1=" " ind2=" ">
    <subfield code="a">fre</subfield>
  </datafield>
  <datafield tag="042" ind1=" " ind2=" ">
    <subfield code="a">dc</subfield>
  </datafield>
  <datafield tag="100" ind1="1" ind2="0">
    <subfield code="a">Arnaud, Jean-Michel</subfield>
    <subfield code="e">author</subfield>
  </datafield>
  <datafield tag="245" ind1="0" ind2="0">
    <subfield code="a">L'Europe utile : Retrouver un avenir en commun</subfield>
  </datafield>
  <datafield tag="260" ind1=" " ind2=" ">
    <subfield code="b">Hermann,
									</subfield>
    <subfield code="c">2019.
										</subfield>
  </datafield>
  <datafield tag="520" ind1=" " ind2=" ">
    <subfield code="a">Mai 2019&#xA0;: les &#xE9;lecteurs sont appel&#xE9;s aux urnes pour &#xE9;lire un nouveau Parlement europ&#xE9;en. Le contexte est d&#xE9;licat&#xA0;: jamais auparavant les euro-sceptiques de tous bords n&#x2019;ont &#xE9;t&#xE9; aussi nombreux, et jamais leur voix en Europe n&#x2019;a autant port&#xE9;. Depuis les probl&#xE8;mes soulev&#xE9;s par la crise des dettes publiques au tournant de 2010, le r&#xEA;ve europ&#xE9;en des p&#xE8;res fondateurs a &#xE9;chou&#xE9; &#xE0; f&#xE9;d&#xE9;rer derri&#xE8;re lui les peuples de l&#x2019;Union europ&#xE9;enne. Nombreux sont ceux qui y voient une machine technocratique et bureaucratique, responsable de tous les maux&#xA0;: crise &#xE9;conomique, baisse du pouvoir d&#x2019;achat, crise des migrants, etc. Paradoxalement, jamais la construction europ&#xE9;enne n&#x2019;a sembl&#xE9; aussi n&#xE9;cessaire&#xA0;: &#xE0; l&#x2019;horizon 2050, toutes les pr&#xE9;visions sont plut&#xF4;t pessimistes pour les pays du vieux continent pris isol&#xE9;ment. Avec une population qui stagnera autour de 530 millions d&#x2019;habitants, l&#x2019;Europe p&#xE8;sera peu face aux g&#xE9;ants indiens et chinois&#xA0;; sa puissance militaire et sa politique &#xE9;trang&#xE8;re devront &#xEA;tre autonomes et capables de rivaliser avec celles des &#xC9;tats-Unis ou de la Russie&#xA0;; l&#x2019;&#xE9;conomie fran&#xE7;aise sera rel&#xE9;gu&#xE9;e &#xE0; la onzi&#xE8;me place mondiale derri&#xE8;re celles de pays &#xE9;mergents comme l&#x2019;Inde, le Mexique, le Br&#xE9;sil ou la Russie... Comment redonner l&#x2019;envie aux Europ&#xE9;ens de poursuivre leur aventure commune, sur fond de mont&#xE9;e des populismes et de remise en question de ce qui fait leur sp&#xE9;cificit&#xE9;&#xA0;? Comment faire &#xE9;voluer le projet europ&#xE9;en pour lui permettre de retrouver coh&#xE9;rence et utilit&#xE9;, qualit&#xE9;s indispensables &#xE0; l&#x2019;adh&#xE9;sion de tous les peuples auxquels il est destin&#xE9;&#xA0;?</subfield>
  </datafield>
  <datafield tag="856" ind1="4" ind2="1">
    <subfield code="u">https://shs.cairn.info/l-europe-utile--9791037001108?lang=fr&amp;redirect-ssocas=7080</subfield>
  </datafield>
  <datafield tag="999" ind1=" " ind2=" ">
    <subfield code="c">2241455</subfield>
    <subfield code="d">2241455</subfield>
  </datafield>
</record>
